Al-Mashriqi the disowned genius (Record no. 248161)
[ view plain ]
| 000 -LEADER | |
|---|---|
| fixed length control field | 00372 a2200145 4500 |
| 001 - CONTROL NUMBER | |
| control field | 13088 |
| 082 ## - DEWEY DECIMAL CLASSIFICATION NUMBER | |
| Classification number | 920.549 SHA |
| 090 ## - LOCALLY ASSIGNED LC-TYPE CALL NUMBER (OCLC); LOCAL CALL NUMBER (RLIN) | |
| -- | 10089 |
| -- | 10089 |
| 100 ## - MAIN ENTRY--PERSONAL NAME | |
| Personal name | Shabbir Hussain, Syed |
| 245 ## - TITLE STATEMENT | |
| Title | Al-Mashriqi the disowned genius |
| 260 ## - PUBLICATION, DISTRIBUTION, ETC. | |
| Place of publication, distribution, etc. | Lahore |
| Name of publisher, distributor, etc. | Jang Publishers |
| Date of publication, distribution, etc. | 1991 |
| 300 ## - PHYSICAL DESCRIPTION | |
| Extent | vii, 293 p |
| 650 ## - SUBJECT ADDED ENTRY--TOPICAL TERM | |
| Topical term or geographic name entry element | disowned genius |
| 700 ## - ADDED ENTRY--PERSONAL NAME | |
| Relator code | allama mashriqi |
| Personal name | mashriqi |
| 942 ## - ADDED ENTRY ELEMENTS (KOHA) | |
| Institution code [OBSOLETE] | NUST-CAE |
| Call number prefix | 920.549 SHA |
| Withdrawn status | Lost status | Damaged status | Not for loan | Collection code | Permanent Location | Current Location | Date acquired | Total Checkouts | Full call number | Barcode | Date last seen | Price effective from | Koha item type |
|---|---|---|---|---|---|---|---|---|---|---|---|---|---|
| College of Aeronautical Engineering (CAE) | College of Aeronautical Engineering (CAE) | 04/03/2017 | 920.549 SHA | CAEN-3261 | 04/05/2017 | 04/05/2017 | Book |
